| 000 | 01163nam a2200277Ia 4500 | ||
|---|---|---|---|
| 003 | OSt | ||
| 005 | 20201005134018.0 | ||
| 008 | 191128s1996 ck a gr 000 0 spa d | ||
| 020 | _a9583002569 | ||
| 040 |
_aCO-JMCR _cCO-JMCR |
||
| 041 | 0 | _aspa | |
| 082 | 0 | 4 |
_a616.0252 / _bH282p _223 |
| 100 | 1 |
_aHarker Delgado, Felipe, _eautor _911208 |
|
| 245 | 1 | 0 |
_aPrimeros auxilios : _bmanual de consulta / _cFelipe Harker Delgado ; Consultor, Fernando Pinzón A., Mauricio Molina Achuri. |
| 250 | _aPrimera edición | ||
| 260 |
_aBogotá : _bPanamericana, _c1996. |
||
| 300 |
_a262 Páginas : _bIlustraciones en blanco y negro ; _c23 cm. |
||
| 500 | _aIncluye Bibliografía | ||
| 505 | 0 | _aLos primeros auxilios -- ¿Quién presta los primeros auxilios? -- Reglas generales -- Norma básicas del socorrismo -- procdiemiento para prestar los primeros auxilios -- ¿Cuál es la gravedad del socorrido? | |
| 650 | 2 | 4 |
_aPrimeros auxilios _911209 |
| 650 | 2 | 4 |
_aManuales Urgencias médicas _911210 |
| 650 | 2 | 4 |
_aManuales _xmédicos _911211 |
| 700 | 1 |
_aPinzón A., Fernando, _eConsultor _911212 |
|
| 700 | 1 |
_aMolina Achuri, Mauricio, _eConsultor _911213 |
|
| 942 |
_2ddc _cBK |
||
| 999 |
_c4149 _d4149 |
||